LEADER 00577nab a2200145 i 4500 001 000000282023 003 CaOOAMICUS 005 20180831165212.0 008 180831n xx uu u0 0und r 013 $a34782 040 $aSeMil$bita 245 13$aIl tempo della responsabilità. - 26 c. - Titolo principale dalla prima pagina. 500 $a16 gennaio 2004 (N. 1263). 773 0 $t[2004.$dRoma : Società per l'Informazione Religiosa (SIR), stampa 2004.$w()234611 996 $6245$aIl tempo della responsabilità. - 26 c. - Titolo principale dalla prima pagina.$9(OLS)http://semarc/title/364264 LEADER 00447nab a2200145 i 4500 001 000000312315 003 CaOOAMICUS 005 20180831173049.0 008 180831n xx uu u0 0und r 013 $a21407 040 $aSeMil$bita 100 1 $aLocatelli, Carlo .$0(OLS)http://semarc/name/40586 245 10$aAmbiente eucaristico. 773 0 $t[Settembre-Dicembre].$g293-303$w()274207 996 $6245$aAmbiente eucaristico$9(OLS)http://semarc/title/386761